Music Quiz

Random Music Quiz

So Fresh: The Hits of Spring 2009 Tracklist Quiz Stats

 Plays Quiz not verified by Sporcle

Also try: Opera Composers
Challenge
Share
Tweet
Embed
Score 0/20 Timer 03:00
0 Plays Today
Track No. Title % Correct
4Paparazzi
100%
8Funhouse
100%
1I Gotta Feeling
80%
6Heavy Cross
80%
7You Belong with Me
80%
9Already Gone
80%
13Bonkers
80%
17Up/Down
80%
2The Last Day on Earth
60%
3Like It Like That
60%
Track No. Title % Correct
5Battlefield
60%
10Sway, Sway Baby!
60%
11Hush Hush; Hush Hush
60%
12Evacuate the Dancefloor
60%
14I Know You Want Me (Calle Ocho)
60%
15In for the Kill
60%
16Stone Cold Sober
60%
18I'm Not Alone
60%
19Do It Again
60%
20Need Me to Stay
60%

You're not logged in!

Compare scores with friends on all Sporcle quizzes.
Join for Free
OR
Log In

You Might Also Like...

Show Comments

Extras

Top Quizzes Today


Score Distribution

Your Account Isn't Verified!

In order to create a playlist on Sporcle, you need to verify the email address you used during registration. Go to your Sporcle Settings to finish the process.

Report this User

Report this user for behavior that violates our Community Guidelines.

Details: